Introductory statistics: Using SPSS (Record no. 15008)

MARC details
000 -LEADER
fixed length control field 00420nam a2200157Ia 4500
008 - FIXED-LENGTH DATA ELEMENTS--GENERAL INFORMATION
fixed length control field 230917s9999||||xx |||||||||||||| ||und||
040 ## - CATALOGING SOURCE
-- 225693
Original cataloging agency VIVEKANANDA LIBRARY
041 ## - Language
-- English
082 ## - DDC NUMBER
Classification number 005.55 K727I
100 ## - MAIN ENTRY--PERSONAL NAME
Personal name knapp, Herschel
245 #0 - TITLE STATEMENT
Title Introductory statistics: Using SPSS
260 ## - PUBLICATION, DISTRIBUTION, ETC. (IMPRINT)
Place of publication, distribution, etc Los Angeles
Name of publisher, distributor, etc Sage Publications
Date of publication, distribution, etc 2014
300 ## - PHYSICAL DESCRIPTION
Pages xxi, 433 p.
500 ## - GENERAL NOTE
General note 2005 03/03/2015 Main Budget
942 ## - ADDED ENTRY ELEMENTS (KOHA)
Koha item type Books
Holdings
Withdrawn status Lost status Damaged status Not for loan Location (home branch) Sublocation or collection (holding branch) Shelving location Date acquired Koha issues (times borrowed) Koha full call number Accession No. Koha date last seen Koha item type
        VIVEKANANDA LIBRARY VIVEKANANDA LIBRARY UIET Library 15/09/2015   005.55 K727I 339602 17/09/2023 Books
        VIVEKANANDA LIBRARY VIVEKANANDA LIBRARY   15/09/2015 1 005.55 K727I 343074 06/02/2025 Books
© Designed and Maintained by Vivekananda Library, MDU Rohtak